000 00298nam a22001337a 4500
008 170609b xxu||||| |||| 00| 0 eng d
020 _a9781565845725
041 _aeng
080 _a328
100 _a19
101 _aSHP
245 _aTHE POLITICS OF CULTURE
_cBRADFORD,C
942 _2udc
_cBK
999 _c16784
_d16784